|
|
|
|
| LEADER |
01228nam a22002537a 4500 |
| 001 |
42085 |
| 003 |
BD-DhAAL |
| 008 |
240122t1991 ii ||||| b||| 00| 0 ben d |
| 040 |
|
|
|a BD-DhAAL
|c BD-DhAAL
|
| 041 |
|
|
|a ben
|
| 082 |
|
|
|a 891.4414
|
| 245 |
|
|
|a রবীন্দ্র-স্মারকগ্রন্থ :
|b প্রবন্ধ-সংকলন.
|
| 264 |
|
|
|a কলকাতা :
|b বিশ্বভারতী,
|c ১৯৯১.
|
| 300 |
|
|
|a ২৪২ পৃষ্ঠা :
|b চিত্র ;
|c ২৫ সে.মি.
|
| 500 |
|
|
|a ১২৫ তম রবীন্দ্রজন্মজয়ন্তী স্মারকগ্রন্থ
|
| 504 |
|
|
|a গ্রন্থপঞ্জিগত নির্দেশিকা অন্তর্ভুক্ত।
|
| 541 |
|
|
|a Donated by Rebecca Dipa Khan
|e 42085
|
| 600 |
|
|
|a Tagore, Rabindranath,
|d 1861-1941.
|
| 650 |
|
|
|a Bengali essays.
|
| 650 |
|
|
|a Bengali literature.
|
| 852 |
|
|
|a Ayesha Abed Library
|c General Stacks
|
| 942 |
|
|
|2 ddc
|c BK
|
| 999 |
|
|
|c 46318
|d 46318
|
| 952 |
|
|
|0 0
|1 0
|2 ddc
|4 0
|6 891_441400000000000_RAB
|7 0
|9 74977
|a BRACUL
|b BRACUL
|c GEN
|d 2024-01-22
|e Donated By Rebecca Dipa Khan
|g 70.00
|l 1
|m 2
|o 891.4414 RAB
|p 3010042085
|r 2025-06-21
|s 2025-05-25
|t 1
|w 2024-01-22
|y BK
|